| 000 | 01862cam a2200361 i 4500 | ||
|---|---|---|---|
| 999 |
_c1496 _d1496 |
||
| 001 | 19338129 | ||
| 003 | OSt | ||
| 005 | 20221230161728.0 | ||
| 008 | 161017s2018 mnuab j b 001 0 eng | ||
| 010 | _a 2016047640 | ||
| 020 | _a9781632355294 (pbk. : alk. paper) | ||
| 040 |
_aDLC _beng _cDLC _erda _dDLC |
||
| 042 | _apcc | ||
| 043 | _aa-ii--- | ||
| 082 | 0 | 0 |
_a934 JOH _223 |
| 100 | 1 |
_aJohnson, Anne E., _eauthor. |
|
| 245 | 1 | 0 |
_aExploring Ancient India / _cBy Anne E. Johnson. |
| 264 | 1 |
_aMankato, MN : _b12 Story Library, _c[2018] |
|
| 300 |
_a32 pages : _billustrations, map ; _c24 cm. |
||
| 336 |
_atext _btxt _2rdacontent |
||
| 337 |
_aunmediated _bn _2rdamedia |
||
| 338 |
_avolume _bnc _2rdacarrier |
||
| 490 | 0 | _aExploring Ancient Civilizations | |
| 504 | _aIncludes bibliographical references (page 31) and index. | ||
| 505 | 0 | _aSettlements sprang up in Indus Valley -- The Indus people built amazing cities -- Ancient India was a center of trade -- Climate change and earthquakes threatened the Indus civilization -- Aryans invaded from Central Asia -- Sanskrit was the language of education -- Aryans used songs to tell stories -- Buddhism was practiced all over India -- The Hindu gods grew in popularity -- Ashoka founded the first all-India empire -- Invading kings fought over the Indian empire -- The Gupta empire ushered in a golden age. | |
| 651 | 0 |
_aIndia _vJuvenile literature. |
|
| 651 | 0 |
_aIndia _xSocial life and customs _vJuvenile literature. |
|
| 651 | 0 |
_aIndia _xCivilization _vJuvenile literature. |
|
| 776 | 0 | 8 |
_iOnline version: _aJohnson, Anne E., author. _tExploring Ancient India _dMankato, MN : 12 Story Library, 2018 _z9781621435815 _w(DLC) 2016048018 |
| 906 |
_a7 _bcbc _corignew _d1 _eecip _f20 _gy-gencatlg |
||
| 942 |
_2ddc _cNFIC |
||